Main Group Chemistry /

Gespeichert in:
Bibliographische Detailangaben
1. Verfasser: Massey, A.G (Verfasst von)
Format: Buch
Sprache:Englisch
Veröffentlicht: New York : Ellis Horwood, 1990
Tags: Tag hinzufügen
Keine Tags, Fügen Sie das erste Tag hinzu!

MARC

LEADER 00000nam a22000003a 4500
001 stu19039
005 20150617225756.4
008 920626s1990----xxu-----------------eng-d
020 |a 0-13-547084-6 
040 |a STU  |b slo 
041 0 |a eng 
044 |a xxu 
080 |a 546 
100 1 |a Massey, A.G  |4 aut 
245 1 |a Main Group Chemistry /  |c [aut.]Massey,A.G 
260 |a New York :  |b Ellis Horwood,  |c 1990 
300 |a 537 s :  |b Tab.,grafy,index 
996 |b C89888  |c C*89888  |l CCIII  |s P  |a 0  |w stu19039_0001